000 00755nam a2200241Ia 4500
003 OSt
005 20220927105034.0
006 a|||||r|||| 00| 0
007 ta
008 220926b |||||||| |||| 00| 0 eng d
024 _a187120
037 _cReference Collections
040 _aRTL
_cRTL
_beng
041 _2eng
_aeng
082 _a"X9(MD525).2.N49<-N48r, H9"
110 _aScindia Steam Navigation Company Ltd.
_9369810
245 0 _a"Annual report,1948-49"
260 _aBombay
_bScindia Steam Navigation Company Ltd.
_c1949
300 _a50p
_ccm.
700 _aScindia Steam Navigation Company Ltd.
_9369811
942 _h"X9(MD525).2.N49<-N48r, H9"
_cCC
999 _c690422
_d690422